Lippincott's Illustrated Reviews (Record no. 16464)

000 -LEADER
fixed length control field 00579nam a22002177a 4500
003 - CONTROL NUMBER IDENTIFIER
control field OSt
005 - DATE AND TIME OF LATEST TRANSACTION
control field 20170105103441.0
008 - FIXED-LENGTH DATA ELEMENTS--GENERAL INFORMATION
fixed length control field 120424t xxu||||| |||| 00| 0 eng d
020 ## - INTERNATIONAL STANDARD BOOK NUMBER
International Standard Book Number 0781782155
040 ## - CATALOGING SOURCE
Transcribing agency ASAB
050 ## - LIBRARY OF CONGRESS CALL NUMBER
Classification number 612.015 ,HAR
082 ## - DEWEY DECIMAL CLASSIFICATION NUMBER
Edition number
100 ## - MAIN ENTRY--PERSONAL NAME
Personal name Richard A Harvey
9 (RLIN) 119
245 ## - TITLE STATEMENT
Title Lippincott's Illustrated Reviews
Statement of responsibility, etc. Richard A Harvey
250 ## - EDITION STATEMENT
Edition statement 2nd ed
260 ## - PUBLICATION, DISTRIBUTION, ETC.
Place of publication, distribution, etc. New Delhi
Name of publisher, distributor, etc. Lippincott Williams & Wilkins
300 ## - PHYSICAL DESCRIPTION
Extent 438
440 ## - SERIES STATEMENT/ADDED ENTRY--TITLE
Title Lippincott's Illustrated Reviews Microbiology
9 (RLIN) 120
650 ## - SUBJECT ADDED ENTRY--TOPICAL TERM
Topical term or geographic name entry element Microbiology
9 (RLIN) 121
942 ## - ADDED ENTRY ELEMENTS (KOHA)
Source of classification or shelving scheme
Koha item type Book
Holdings
Withdrawn status Lost status Source of classification or shelving scheme Damaged status Not for loan Permanent Location Current Location Date acquired Total Checkouts Full call number Barcode Date last seen Copy number Price effective from Koha item type Date last checked out
          Atta-ur-Rahman School of Applied Biosciences (ASAB) Atta-ur-Rahman School of Applied Biosciences (ASAB) 04/24/2012   612.015,HAR ASAB783 04/24/2012 photocopy 04/24/2012 Book  
          Atta-ur-Rahman School of Applied Biosciences (ASAB) Atta-ur-Rahman School of Applied Biosciences (ASAB) 04/24/2012 1 612.015,HAR ASAB784 03/21/2017 photocopy 04/24/2012 Book 06/03/2016
          Atta-ur-Rahman School of Applied Biosciences (ASAB) Atta-ur-Rahman School of Applied Biosciences (ASAB) 04/24/2012 1 612.015,HAR ASAB781 09/20/2024 photocopy 04/24/2012 Book 06/21/2023
          Atta-ur-Rahman School of Applied Biosciences (ASAB) Atta-ur-Rahman School of Applied Biosciences (ASAB) 04/24/2012   612.015,HAR ASAB782 04/24/2012 photocopy 04/24/2012 Book  
          Atta-ur-Rahman School of Applied Biosciences (ASAB) Atta-ur-Rahman School of Applied Biosciences (ASAB) 04/24/2012   612.015,HAR ASAB780 04/24/2012 photocopy 04/24/2012 Book  
© 2023 Central Library, National University of Sciences and Technology. All Rights Reserved.